[Event "10th EUR-ch (w)"]
[Site "Sankt Petersburg RUS"]
[Date "2009.03.08"]
[Round "1"]
[White "Chetina, Elizaveta"]
[Black "Korchagina, Viktoria"]
[Result "0-1"]
[WhiteElo "1646"]
[BlackElo "2187"]
[EventDate "2009.03.08"]
[PlyCount "106"]

1.e4 c5 2.Nf3 d6 3.d4 cxd4 4.Nxd4 Nf6 5.Nc3 a6 6.Be2 e5 7.Nf3 h6 8.O-O Be6
9.h3 Be7 10.Be3 O-O 11.Qd2 b5 12.a3 Nbd7 13.Bd3 Nb6 14.b3 Rc8 15.Ne2 Qc7 
16.Ng3 Rfd8 17.Bxh6 gxh6 18.Qxh6 Nh7 19.Nh4 Bf8 20.Qh5 Qe7 21.f4 Nd7 22.
Ngf5 Bxf5 23.Nxf5 Qe6 24.Rf3 Kh8 25.fxe5 Nxe5 26.Rg3 Ng6 27.Rf1 Rc5 28.a4 
Re5 29.Qe2 d5 30.axb5 axb5 31.Bxb5 dxe4 32.Bc4 Qb6+ 33.Ne3 f5 34.Qh5 Bc5 
35.Rxg6 Bxe3+ 36.Kh1 Qc7 37.Rd1 Rf8 38.Rdd6 Re7 39.Rdf6 Ree8 40.Rg8+ Rxg8 
41.Rf7 Qxf7 42.Qxf7 Rgf8 43.Qh5 Bd4 44.Bf7 Re7 45.Bg6 e3 46.Qe2 Ra7 47.Qd3
Be5 48.g4 f4 49.Be4 f3 50.Bxf3 Rxf3 51.Qd8+ Rf8 52.Qh4 Ra1+ 53.Kg2 Rf2+ 
0-1

[Event "10th EUR-ch (w)"]
[Site "Sankt Petersburg RUS"]
[Date "2009.03.09"]
[Round "2"]
[White "Solovyova, Valentina"]
[Black "Dzagnidze, Nana"]
[Result "0-1"]
[WhiteElo "2324"]
[BlackElo "2518"]
[EventDate "2009.03.08"]
[PlyCount "126"]

1.e4 c5 2.c3 e6 3.d4 d5 4.exd5 exd5 5.Bb5+ Nc6 6.Nf3 Bd6 7.O-O Ne7 8.dxc5 
Bxc5 9.h3 O-O 10.Nbd2 Bf5 11.Nb3 Bb6 12.Bd3 Qd6 13.Bxf5 Nxf5 14.Qd3 g6 15.
Bd2 Rad8 16.Rad1 Qg3 17.Bc1 Rfe8 18.Bg5 Ne5 19.Nxe5 Qxg5 20.Nf3 Qf4 21.
Nbd4 Nd6 22.Qd2 Qf6 23.Rfe1 Re4 24.Qg5 Qxg5 25.Nxg5 Rxe1+ 26.Rxe1 f6 27.
Ngf3 Kf7 28.Kf1 a6 29.Re2 Ne4 30.g4 Re8 31.Ke1 Bc7 32.Kd1 Bf4 33.Nc2 Rc8 
34.Nb4 Ke6 35.Nd4+ Kd6 36.Nd3 Be5 37.f3 Nxc3+ 38.bxc3 Rxc3 39.Nxe5 fxe5 
40.Nc2 Rxf3 41.Re3 Rf1+ 42.Kd2 Rf2+ 43.Kd1 d4 44.Rb3 Rf7 45.Ke2 Kc5 46.Ne1
e4 47.h4 b5 48.Rg3 a5 49.h5 g5 50.Rb3 b4 51.Rb1 Kd5 52.Rc1 d3+ 53.Nxd3 
exd3+ 54.Kxd3 Rf3+ 55.Ke2 Ra3 56.Rc7 Rxa2+ 57.Kd3 Ra3+ 58.Kd2 h6 59.Rh7 a4
60.Rxh6 Rg3 61.Rh8 a3 62.h6 a2 63.Ra8 Ra3 0-1

[Event "10th EUR-ch (w)"]
[Site "Sankt Petersburg RUS"]
[Date "2009.03.09"]
[Round "2"]
[White "Kochetkova, Yulia"]
[Black "Hoang Thanh Trang"]
[Result "0-1"]
[WhiteElo "2315"]
[BlackElo "2483"]
[EventDate "2009.03.08"]
[PlyCount "56"]

1.e4 e6 2.d4 d5 3.e5 c5 4.c3 Nc6 5.Nf3 Nh6 6.Bxh6 gxh6 7.Be2 Bg7 8.O-O O-O
9.Na3 cxd4 10.cxd4 f6 11.exf6 Qxf6 12.Nc2 Bd7 13.Bb5 Be8 14.Bxc6 bxc6 15.
Ne5 Qg5 16.Re1 Bh5 17.Qd3 c5 18.Qg3 Qd2 19.Rac1 cxd4 20.Nc6 Kh8 21.N2b4 
Rac8 22.Rf1 a5 23.Rc2 Qg5 24.Nxa5 Rxc2 25.Nxc2 Qd2 26.Qc7 d3 27.Ne3 Qxb2 
28.a4 Be2 0-1

[Event "10th EUR-ch (w)"]
[Site "Sankt Petersburg RUS"]
[Date "2009.03.09"]
[Round "2"]
[White "Girya, Olga"]
[Black "Peng Zhaoqin"]
[Result "1-0"]
[WhiteElo "2315"]
[BlackElo "2461"]
[EventDate "2009.03.08"]
[PlyCount "81"]

1.e4 c5 2.Nc3 a6 3.g3 b5 4.Bg2 Bb7 5.Nge2 e6 6.O-O b4 7.Na4 Nf6 8.d3 d5 9.
Bg5 dxe4 10.dxe4 Nbd7 11.c3 Qa5 12.Qc2 Rc8 13.b3 Be7 14.Rfd1 Ne5 15.Nb2 
O-O 16.Bf4 c4 17.cxb4 Bxb4 18.a3 Be7 19.Nxc4 Nxc4 20.bxc4 e5 21.Bd2 Qc7 
22.Rdc1 Rfd8 23.f3 a5 24.Bh3 Qc5+ 25.Kg2 Rb8 26.Be1 Qc6 27.Bxa5 Nxe4 28.
fxe4 Qg6 29.Nc3 Rd4 30.Re1 Ra8 31.Rab1 Bc6 32.Nd5 Bg5 33.Re2 h5 34.Bb6 
Rxa3 35.Bxd4 exd4 36.Rb8+ Kh7 37.Bf5 Qxf5 38.exf5 d3 39.Qb2 dxe2 40.Qxe2 
g6 41.Qb2 1-0

[Event "10th EUR-ch (w)"]
[Site "Sankt Petersburg RUS"]
[Date "2009.03.09"]
[Round "2"]
[White "Zakurdyaeva, Irina"]
[Black "Gaponenko, Inna"]
[Result "0-1"]
[WhiteElo "2295"]
[BlackElo "2450"]
[EventDate "2009.03.08"]
[PlyCount "52"]

1.e4 c5 2.Nf3 d6 3.d4 cxd4 4.Nxd4 Nf6 5.Nc3 Nc6 6.Be2 g6 7.O-O Bg7 8.Nb3 
O-O 9.Bg5 a6 10.f4 b5 11.Bf3 b4 12.Nd5 Nxd5 13.exd5 Na5 14.Qe1 Nxb3 15.
axb3 Qb6+ 16.Kh1 Bxb2 17.Bxe7 Re8 18.Qh4 Bf5 19.Rae1 Bxc2 20.g4 Bd3 21.Rg1
Bd4 22.Bg2 Bf2 23.Qh6 Qd4 24.Bxd6 Bxe1 25.Be5 Rxe5 26.fxe5 Qxe5 0-1

[Event "10th EUR-ch (w)"]
[Site "Sankt Petersburg RUS"]
[Date "2009.03.09"]
[Round "2"]
[White "Guramishvili, Sopiko"]
[Black "Ovod, Evgenia"]
[Result "0-1"]
[WhiteElo "2281"]
[BlackElo "2430"]
[EventDate "2009.03.08"]
[PlyCount "98"]

1.d4 Nf6 2.c4 c5 3.d5 e5 4.Nc3 d6 5.e4 Be7 6.h3 Nbd7 7.Bd3 h5 8.Nf3 h4 9.
Be3 Nh5 10.Qd2 Nf8 11.Ne2 Bd7 12.b4 b6 13.a4 a5 14.b5 g6 15.O-O-O f5 16.
Qc2 Ng7 17.g3 Bf6 18.Rdg1 hxg3 19.fxg3 Qe7 20.h4 O-O-O 21.Rf1 Kc7 22.Bd2 
Re8 23.Ne1 fxe4 24.Bxe4 Bg4 25.Nf3 Nf5 26.Rhg1 Qg7 27.Qd3 Re7 28.Nh2 Bxe2 
29.Qxe2 Nd4 30.Qd3 Rf7 31.Ng4 Be7 32.Kb2 Kd8 33.Rxf7 Qxf7 34.Rf1 Qg7 35.
Rf2 g5 36.hxg5 Bxg5 37.Ne3 Nd7 38.Bc3 Bxe3 39.Qxe3 Rh3 40.Rg2 Nf6 41.Bd3 
Nh5 42.Be1 Nf4 43.Rg1 Nxd3+ 44.Qxd3 e4 45.Qc3 Rh2+ 46.Kb1 Qg4 47.Bd2 Qe2 
48.Bg5+ Ke8 49.Kc1 Qf2 0-1

[Event "10th EUR-ch (w)"]
[Site "Sankt Petersburg RUS"]
[Date "2009.03.09"]
[Round "2"]
[White "Muzychuk, Maria"]
[Black "Bulmaga, Irina"]
[Result "1/2-1/2"]
[WhiteElo "2427"]
[BlackElo "2300"]
[EventDate "2009.03.08"]
[PlyCount "93"]

1.e4 c6 2.d4 d5 3.Nc3 dxe4 4.Nxe4 Bf5 5.Ng3 Bg6 6.h4 h6 7.Nf3 Nd7 8.h5 Bh7
9.Bd3 Bxd3 10.Qxd3 e6 11.Bd2 Qc7 12.Ne4 Ngf6 13.O-O-O O-O-O 14.g3 Nxe4 15.
Qxe4 Nf6 16.Qe2 Rd5 17.Bf4 Bd6 18.Bxd6 Rxd6 19.Ne5 Rhd8 20.c3 c5 21.dxc5 
Rxd1+ 22.Rxd1 Rxd1+ 23.Kxd1 Qxc5 24.Nxf7 Qd5+ 25.Kc1 Qh1+ 26.Kc2 Qe4+ 27.
Qd3 Qxd3+ 28.Kxd3 Kd7 29.Ne5+ Kd6 30.Nc4+ Kd7 31.Ne5+ Kd6 32.Kd4 Nxh5 33.
c4 Nf6 34.c5+ Kc7 35.Ng6 Nd7 36.b4 a6 37.a4 b6 38.cxb6+ Nxb6 39.a5 Nd5 40.
Kc4 Kc6 41.Ne5+ Kd6 42.Nd3 Nc7 43.Nc5 e5 44.Ne4+ Kc6 45.Nc5 Kd6 46.Ne4+ 
Kc6 47.Nc5 1/2-1/2

[Event "10th EUR-ch (w)"]
[Site "Sankt Petersburg RUS"]
[Date "2009.03.09"]
[Round "2"]
[White "Daulyte, Deimante"]
[Black "Matveeva, Svetlana"]
[Result "1-0"]
[WhiteElo "2279"]
[BlackElo "2422"]
[EventDate "2009.03.08"]
[PlyCount "85"]

1.e4 e6 2.d4 d5 3.e5 c5 4.c3 Nc6 5.Nf3 Bd7 6.Be2 Nge7 7.Na3 cxd4 8.cxd4 
Nf5 9.Nc2 Qb6 10.O-O Rc8 11.Rb1 Na5 12.Ne3 Nxe3 13.fxe3 Be7 14.b3 Bb5 15.
Bd2 Nc6 16.Rc1 O-O 17.Bxb5 Qxb5 18.Be1 Rc7 19.Bh4 Ba3 20.Rc2 Rfc8 21.Rcf2 
h6 22.Ne1 Bf8 23.Qh5 g6 24.Qg4 Bg7 25.Bf6 Bf8 26.h4 h5 27.Qf4 Ne7 28.g4 
hxg4 29.h5 Nf5 30.hxg6 fxg6 31.Qxg4 Qe8 32.Rh2 Rh7 33.Rxh7 Kxh7 34.Nf3 Bh6
35.Ng5+ Kg8 36.Qh3 Bxg5 37.Qh8+ Kf7 38.Qh7+ Kf8 39.Qh8+ Kf7 40.Qh7+ Kf8 
41.Rxf5 Bxe3+ 42.Kg2 Rc2+ 43.Kh3 1-0

[Event "10th EUR-ch (w)"]
[Site "Sankt Petersburg RUS"]
[Date "2009.03.09"]
[Round "2"]
[White "Melia, Salome"]
[Black "Manakova, Maria"]
[Result "1-0"]
[WhiteElo "2422"]
[BlackElo "2299"]
[EventDate "2009.03.08"]
[PlyCount "119"]

1.e4 c5 2.Nf3 Nc6 3.d4 cxd4 4.Nxd4 e5 5.Nb5 d6 6.N1c3 a6 7.Na3 b5 8.Nd5 
Rb8 9.c4 b4 10.Nc2 a5 11.g3 Nf6 12.Bg5 Be7 13.Bxf6 Bxf6 14.Bg2 O-O 15.b3 
Bg5 16.O-O Ne7 17.h4 Bh6 18.Nce3 Bxe3 19.Nxe3 Nc6 20.Qd3 Qe7 21.Rad1 Rd8 
22.Nf5 Bxf5 23.exf5 Nd4 24.Bd5 Kh8 25.f4 f6 26.g4 Qa7 27.Kh1 a4 28.Ra1 Rb6
29.g5 Ra6 30.gxf6 axb3 31.Rg1 b2 32.Qg3 Nxf5 33.Qg5 g6 34.Rab1 Rxa2 35.Be4
Qd7 36.Rg2 exf4 37.Kh2 Ra3 38.Rbxb2 Ne3 39.f7 Kg7 40.Bxg6 h6 41.Qxf4 Nxg2 
42.Qd4+ Kf8 43.Qh8+ Ke7 44.f8=Q+ Rxf8 45.Qg7+ Kd8 46.Qxf8+ Kc7 47.Bf5 Rf3 
48.Rxb4 Qxf5 49.Qb8+ Kd7 50.Rb7+ Ke6 51.Qe8+ Kf6 52.Rf7+ Kg6 53.Qg8+ Kh5 
54.Rxf5+ Rxf5 55.Kxg2 Rf6 56.Qd8 Rg6+ 57.Kf3 Re6 58.Kf4 Kg6 59.Qg8+ Kf6 
60.Qf8+ 1-0

[Event "10th EUR-ch (w)"]
[Site "Sankt Petersburg RUS"]
[Date "2009.03.09"]
[Round "2"]
[White "Kursova, Maria"]
[Black "Turova, Irina"]
[Result "0-1"]
[WhiteElo "2268"]
[BlackElo "2379"]
[EventDate "2009.03.08"]
[PlyCount "108"]

1.d4 Nf6 2.Nf3 e6 3.c4 Bb4+ 4.Nbd2 d6 5.a3 Bxd2+ 6.Bxd2 Nbd7 7.Bg5 h6 8.
Bh4 a5 9.e3 Qe7 10.Nd2 e5 11.Be2 e4 12.b4 O-O 13.O-O g5 14.Bg3 Ne8 15.Qb3 
a4 16.Qc3 f5 17.f3 exf3 18.Bxf3 Ndf6 19.Rae1 c6 20.e4 f4 21.Bf2 Ng4 22.
Bxg4 Bxg4 23.c5 Qg7 24.Nc4 Rd8 25.cxd6 Nxd6 26.Ne5 Be6 27.Re2 Nb5 28.Qb2 
g4 29.Rd1 g3 30.Be1 gxh2+ 31.Kxh2 Kh7 32.Bh4 Rd6 33.Nf3 Bc4 34.Red2 Re6 
35.Re1 Bb3 36.Rde2 Rfe8 37.Qc1 Qg4 38.Kg1 Rg8 39.Rf2 Nd6 40.d5 Rxe4 41.
dxc6 bxc6 42.Qxc6 Rxe1+ 43.Nxe1 Qe6 44.Qc7+ Rg7 45.Qc1 Qe3 46.Qxe3 fxe3 
47.Rf3 Nc4 48.b5 Rb7 49.Nd3 Rxb5 50.Be7 Rd5 51.Rf7+ Kg8 52.Rf8+ Kg7 53.Nf4
Re5 54.Bb4 e2 0-1

[Event "10th EUR-ch (w)"]
[Site "Sankt Petersburg RUS"]
[Date "2009.03.09"]
[Round "2"]
[White "Makropoulou, Marina"]
[Black "Gvetadze, Sopio"]
[Result "1/2-1/2"]
[WhiteElo "2262"]
[BlackElo "2377"]
[EventDate "2009.03.08"]
[PlyCount "104"]

1.e4 c5 2.Nf3 d6 3.d4 cxd4 4.Nxd4 Nf6 5.Nc3 e6 6.Be2 Be7 7.O-O Nc6 8.Be3 
O-O 9.f4 e5 10.Nxc6 bxc6 11.Kh1 exf4 12.Bxf4 Qc7 13.Qd3 Nd7 14.Qg3 Ne5 15.
Rad1 Be6 16.b3 Rad8 17.Na4 Ng6 18.Bg5 Bxg5 19.Qxg5 Ne5 20.c4 f6 21.Qg3 Kh8
22.Rd2 Bf7 23.Rfd1 Bg6 24.Nc3 Qe7 25.Bf3 Qc7 26.Ne2 Rfe8 27.Nf4 Bf7 28.Ne2
Qa5 29.h3 Qa3 30.Nd4 Bg6 31.h4 Qc5 32.h5 Nxf3 33.gxf3 Bxe4 34.fxe4 Rxe4 
35.Rg1 Rg8 36.Nf3 g5 37.Qxd6 Qf5 38.Nh2 Rh4 39.Qd3 Qf4 40.Rdg2 Re8 41.Rf1 
Qe5 42.Qg3 Rxh5 43.Qxe5 Rxe5 44.Kg1 Kg7 45.Ng4 Re6 46.Rgf2 Rh4 47.Nxf6 h5 
48.Kg2 Rxf6 49.Rxf6 Rg4+ 50.Kh2 Rh4+ 51.Kg2 Rg4+ 52.Kh2 Rh4+ 1/2-1/2

[Event "10th EUR-ch (w)"]
[Site "Sankt Petersburg RUS"]
[Date "2009.03.09"]
[Round "2"]
[White "Korchagina, Viktoria"]
[Black "Zayats, Elena"]
[Result "0-1"]
[WhiteElo "2187"]
[BlackElo "2364"]
[EventDate "2009.03.08"]
[PlyCount "108"]

1.e4 e5 2.Nf3 Nc6 3.Bb5 Nf6 4.O-O Nxe4 5.d4 Nd6 6.Bxc6 dxc6 7.dxe5 Nf5 8.
Qxd8+ Kxd8 9.Nc3 Ne7 10.Ng5 Ke8 11.Nge4 Nd5 12.Ne2 Nb4 13.c3 Nd3 14.Rd1 
Nxc1 15.Raxc1 Be7 16.f4 h5 17.Nd4 a6 18.Rf1 c5 19.Nb3 Bf5 20.Rce1 b6 21.
Nc1 h4 22.Nf6+ Bxf6 23.exf6+ Kf8 24.Re5 Rh5 25.fxg7+ Kxg7 26.Rfe1 Rd8 27.
Nb3 a5 28.Re7 a4 29.Nc1 Rd2 30.R1e2 Rd1+ 31.Re1 Rxe1+ 32.Rxe1 Rh6 33.Rd1 
Rg6 34.Kf2 Be4 35.g3 hxg3+ 36.hxg3 Rh6 37.Ke3 Bc6 38.Ne2 Bb5 39.Rd2 Rh3 
40.Kf3 Bc6+ 41.Ke3 Bb5 42.Kf3 Rh2 43.Ke3 Rh1 44.Kf2 Kf6 45.g4 Rh2+ 46.Kf3 
Bc6+ 47.Kg3 Rg2+ 48.Kh3 Bf3 49.g5+ Kg7 50.Rd3 Rxe2 51.Rxf3 Rxb2 52.a3 Rb3 
53.f5 Rxa3 54.Kg4 Ra1 0-1

[Event "10th EUR-ch (w)"]
[Site "Sankt Petersburg RUS"]
[Date "2009.03.09"]
[Round "2"]
[White "Motoc, Alina"]
[Black "Ilyushina, Olga"]
[Result "0-1"]
[WhiteElo "2358"]
[BlackElo "2269"]
[EventDate "2009.03.08"]
[PlyCount "100"]

1.d4 Nf6 2.c4 e6 3.Nc3 Bb4 4.Qc2 O-O 5.a3 Bxc3+ 6.Qxc3 b6 7.Bg5 Ba6 8.Qf3 
Nc6 9.e3 Bb7 10.Qd1 Ne7 11.Bxf6 gxf6 12.Bd3 f5 13.Nf3 Kh8 14.Qe2 Rg8 15.
O-O-O Rxg2 16.e4 fxe4 17.Bxe4 Bxe4 18.Qxe4 d5 19.Qe5+ Rg7 20.Ng5 Kg8 21.
Rhg1 Ng6 22.Qe2 dxc4 23.Qxc4 Qd5 24.Qc2 Rf8 25.h4 Qf5 26.Qxf5 exf5 27.Nf3 
Nf4 28.Kc2 Re8 29.Ne5 Nh3 30.Rg3 Nxf2 31.Rxg7+ Kxg7 32.Rf1 Ng4 33.Rg1 h5 
34.Nc6 a5 35.Kd2 Kf6 36.b4 Re6 37.b5 f4 38.Rf1 Kf5 39.d5 Re4 40.Kc3 Ne3 
41.Rg1 Nxd5+ 42.Kd3 Re3+ 43.Kd4 Nc3 44.Rg5+ Kf6 45.Rxh5 Ne2+ 46.Kd5 f3 47.
Rh6+ Kf5 48.Rh5+ Kf4 49.Rh7 Rd3+ 50.Kc4 Rc3+ 0-1

[Event "10th EUR-ch (w)"]
[Site "Sankt Petersburg RUS"]
[Date "2009.03.09"]
[Round "2"]
[White "Kushka, Alena"]
[Black "Malgina, Tatiana"]
[Result "1/2-1/2"]
[WhiteElo "2124"]
[BlackElo "2342"]
[EventDate "2009.03.08"]
[PlyCount "99"]

1.d4 Nf6 2.c4 c5 3.d5 b5 4.cxb5 a6 5.f3 axb5 6.e4 Qa5+ 7.Bd2 b4 8.Na3 d6 
9.Nc4 Qc7 10.a3 bxa3 11.Rxa3 Rxa3 12.bxa3 g6 13.Ne2 Bg7 14.Nc3 O-O 15.Nb5 
Qb7 16.a4 Bd7 17.Na5 Qb6 18.Bc4 Na6 19.O-O Nb4 20.Nb3 Bxb5 21.axb5 Ne8 22.
Kh1 Nc7 23.Qe1 Nxb5 24.Bxb4 cxb4 25.Qxb4 Rb8 26.Qxb5 Qxb5 27.Bxb5 Rxb5 28.
Rb1 f5 29.Nd2 Rc5 30.Nb3 Rc2 31.exf5 gxf5 32.Kg1 Kf7 33.Rd1 f4 34.Nd4 Rc4 
35.Ne6 Be5 36.Rd2 Kf6 37.Kf2 Kf5 38.g4+ fxg3+ 39.hxg3 h5 40.Kg2 Rb4 41.Rd3
Bf6 42.Kh3 Ra4 43.Re3 Ra5 44.g4+ hxg4+ 45.fxg4+ Kg6 46.Nf4+ Kf7 47.Rf3 Be5
48.Kh4 Ra4 49.Nd3+ Kg6 50.Nxe5+ 1/2-1/2

[Event "10th EUR-ch (w)"]
[Site "Sankt Petersburg RUS"]
[Date "2009.03.09"]
[Round "2"]
[White "Gritsaeva, Oksana"]
[Black "Lupik, Marina"]
[Result "1-0"]
[WhiteElo "2341"]
[BlackElo "2163"]
[EventDate "2009.03.08"]
[PlyCount "183"]

1.Nf3 Nf6 2.d4 c5 3.c4 cxd4 4.Nxd4 e5 5.Nb5 d5 6.cxd5 Bc5 7.e3 O-O 8.N5c3 
Qe7 9.Be2 e4 10.Nd2 Rd8 11.Qc2 Bf5 12.g4 Nxg4 13.Bxg4 Bxg4 14.Qxe4 Qd7 15.
Rg1 f5 16.Qg2 Na6 17.h3 Bh5 18.Nb3 Bb6 19.a3 Re8 20.Bd2 Re7 21.Qg5 Bg6 22.
h4 Bd8 23.Qg3 b5 24.Nd4 b4 25.axb4 Nxb4 26.Qf3 Nd3+ 27.Kf1 Ne5 28.Qh3 h5 
29.Nc6 Nxc6 30.Rxg6 Ne5 31.Rga6 Nc4 32.Bc1 Nb6 33.Qf3 Re5 34.Qf4 Re8 35.
R1a5 Bf6 36.d6 Qc6 37.Bd2 Be5 38.Rxe5 Rxe5 39.Qxe5 Qc4+ 40.Ne2 Qxa6 41.
Qe6+ Kh8 42.Bc3 Qb7 43.Nf4 Qd7 44.Qg6 Na4 45.Qxh5+ Kg8 46.Ng6 Nxc3 47.Ne7+
Kf8 48.bxc3 Qxd6 49.Nxf5 Qe6 50.Nd4 Qc4+ 51.Kg2 Kg8 52.Nf5 Qf7 53.Qg4 Kh7 
54.Ng3 Rf8 55.Qe4+ Kg8 56.f4 Re8 57.Qd4 a5 58.Kf2 Qa2+ 59.Kf3 Qe6 60.e4 
Kh8 61.h5 Qf6 62.e5 Qc6+ 63.Kg4 a4 64.h6 Qg6+ 65.Kf3 a3 66.hxg7+ Kg8 67.
Ne4 Qc6 68.Kg3 Rc8 69.Nf6+ Kxg7 70.Qa7+ Kf8 71.Qxa3+ Kf7 72.Qb3+ Qc4 73.
Qb7+ Rc7 74.Qe4 Qxc3+ 75.Kg4 Kf8 76.Qa8+ Rc8 77.Qd5 Qc2 78.Qd6+ Kf7 79.
Qd7+ Kf8 80.Kg5 Qc7 81.Qd5 Kg7 82.Qe4 Kf8 83.Qh1 Qg7+ 84.Kf5 Rd8 85.Qc6 
Qe7 86.Qc4 Kg7 87.Nh5+ Kh6 88.Qc6+ Kh7 89.Qg6+ Kh8 90.Nf6 Qd7+ 91.Nxd7 
Rf8+ 92.Qf6+ 1-0

[Event "10th EUR-ch (w)"]
[Site "Sankt Petersburg RUS"]
[Date "2009.03.09"]
[Round "2"]
[White "Aginian, Nelly"]
[Black "Cedikova, Katerina"]
[Result "1-0"]
[WhiteElo "2335"]
[BlackElo "2150"]
[EventDate "2009.03.08"]
[PlyCount "151"]

1.e4 c5 2.Nf3 d6 3.d4 cxd4 4.Nxd4 Nf6 5.Nc3 g6 6.Be3 Bg7 7.f3 O-O 8.Qd2 
Nc6 9.O-O-O Nxd4 10.Bxd4 Be6 11.Kb1 Qc7 12.g4 Rfc8 13.h4 Qa5 14.a3 Rab8 
15.h5 b5 16.h6 b4 17.Nb5 Qa4 18.hxg7 bxa3 19.Bd3 Rxb5 20.Bxb5 Qxb5 21.Qd3 
Qa4 22.b3 Qb4 23.Rh2 a5 24.Bxf6 exf6 25.Qxd6 Qc3 26.Qd4 Qxf3 27.Rf2 Qxg4 
28.Rxf6 a4 29.Rg1 Qe2 30.Rf2 Qb5 31.Qxa4 Qc5 32.Rgf1 Kxg7 33.Ka2 Rc7 34.
Rd2 Kg8 35.c4 Qe3 36.Qe8+ Kg7 37.Qd8 Rc8 38.Qf6+ Kg8 39.Rd8+ Rxd8 40.Qxd8+
Kg7 41.Qf6+ Kg8 42.Kxa3 Bxc4 43.Rf3 Qc1+ 44.Kb4 Be6 45.Rd3 Qe1+ 46.Ka3 
Qc1+ 47.Kb4 Qe1+ 48.Kb5 Qe2 49.Qd8+ Kg7 50.Qd4+ Kg8 51.Kc5 h5 52.b4 h4 53.
Ra3 Kh7 54.Ra8 Kh6 55.e5 Kg5 56.Rh8 Qe1 57.b5 h3 58.Qd8+ Kg4 59.Qd4+ Kg5 
60.b6 Bf5 61.b7 Qa5+ 62.Kc6 Qa6+ 63.Kc7 Qa5+ 64.Kb8 Bg4 65.Qe3+ Kf5 66.
Qf2+ Ke4 67.Qg3 Kf5 68.Qf2+ Ke4 69.Qg3 Kf5 70.e6 Qa1 71.Rf8 Kg5 72.e7 h2 
73.Qxh2 Bd7 74.Qd2+ Kf6 75.Qxd7 Qe5+ 76.Qc7 1-0

[Event "10th EUR-ch (w)"]
[Site "Sankt Petersburg RUS"]
[Date "2009.03.09"]
[Round "2"]
[White "Pogonina, Natalia"]
[Black "Mednikova, Svetlana"]
[Result "1-0"]
[WhiteElo "2467"]
[BlackElo "2160"]
[EventDate "2009.03.08"]
[PlyCount "65"]

1.e4 e6 2.d4 d5 3.Nd2 c5 4.exd5 Qxd5 5.Ngf3 cxd4 6.Bc4 Qd6 7.O-O Nf6 8.Nb3
Nc6 9.Nbxd4 Nxd4 10.Nxd4 a6 11.Bb3 Qc7 12.Qf3 Bd6 13.h3 O-O 14.Bg5 Be5 15.
Rad1 Qc5 16.Be3 Qe7 17.Rfe1 Nd7 18.c3 Qf6 19.Qe2 Nc5 20.Bc2 g6 21.Nf3 Nd7 
22.Bg5 Qg7 23.Nxe5 Nxe5 24.Be7 Nc6 25.Bxf8 Qxf8 26.Be4 Qe7 27.Qd2 Kg7 28.
Bxc6 bxc6 29.Qd4+ f6 30.Qd8 Qxd8 31.Rxd8 Kf7 32.Red1 Ke7 33.Rh8 1-0

[Event "10th EUR-ch (w)"]
[Site "Sankt Petersburg RUS"]
[Date "2009.03.09"]
[Round "2"]
[White "Kirillova, Varvara"]
[Black "Khurtsidze, Nino"]
[Result "0-1"]
[WhiteElo "2246"]
[BlackElo "2421"]
[EventDate "2009.03.08"]
[PlyCount "72"]

1.e4 c5 2.Nf3 e6 3.d3 Nc6 4.g3 d6 5.Bg2 Nf6 6.O-O Be7 7.c3 Bd7 8.Re1 Rc8 
9.a3 b5 10.d4 cxd4 11.cxd4 d5 12.e5 Ne4 13.Nbd2 Nxd2 14.Bxd2 Qb6 15.Bc3 a5
16.b3 b4 17.axb4 Bxb4 18.Rc1 O-O 19.Qd2 Be7 20.Rb1 Rc7 21.Bf1 Rfc8 22.h4 
Be8 23.Kg2 h6 24.Qf4 Nb4 25.Bd2 Bb5 26.Bxb5 Qxb5 27.Qg4 Kf8 28.Qh5 Nc2 29.
Ng5 Nxe1+ 30.Rxe1 Bb4 31.Nh7+ Ke7 32.Bxb4+ Qxb4 33.Re3 Rc3 34.Rxc3 Qxc3 
35.Qg4 Qd3 36.Qxg7 Qg6 0-1

[Event "10th EUR-ch (w)"]
[Site "Sankt Petersburg RUS"]
[Date "2009.03.09"]
[Round "2"]
[White "Hairapetian, Anna"]
[Black "Shadrina, Tatiana"]
[Result "0-1"]
[WhiteElo "2177"]
[BlackElo "2416"]
[EventDate "2009.03.08"]
[PlyCount "86"]

1.d4 d5 2.c4 e5 3.dxe5 d4 4.Nf3 Nc6 5.Nbd2 Nge7 6.Nb3 Nf5 7.e4 dxe3 8.
Qxd8+ Nxd8 9.fxe3 Nc6 10.Bd3 Bb4+ 11.Ke2 Be7 12.Nbd4 Nfxd4+ 13.exd4 Bg4 
14.Be3 Rd8 15.Be4 Nxd4+ 16.Kf2 Nc6 17.Bxc6+ bxc6 18.h3 Bd7 19.Rad1 h6 20.
Rd3 Rb8 21.b3 a5 22.Rhd1 Bf5 23.R3d2 Bb4 24.Rd4 O-O 25.g4 Be6 26.Nh4 a4 
27.R4d3 axb3 28.axb3 Ra8 29.Kg3 f6 30.Ng6 Rfe8 31.exf6 gxf6 32.Kh4 Bf7 33.
Nf4 Re5 34.Ng2 Kg7 35.Kg3 Ra2 36.Nh4 Be6 37.Kf3 h5 38.Rd8 Rh2 39.Nf5+ Bxf5
40.gxf5 Rxh3+ 41.Kf2 Rhxe3 42.R1d7+ Re7 43.Rxc7 Be1+ 0-1

[Event "10th EUR-ch (w)"]
[Site "Sankt Petersburg RUS"]
[Date "2009.03.09"]
[Round "2"]
[White "Gorbatenko, Kateryna"]
[Black "Kovanova, Baira"]
[Result "0-1"]
[WhiteElo "2071"]
[BlackElo "2386"]
[EventDate "2009.03.08"]
[PlyCount "84"]

1.d4 Nf6 2.c4 e6 3.Nf3 b6 4.e3 Bb7 5.Bd3 d5 6.O-O Bd6 7.b3 O-O 8.Bb2 Nbd7 
9.Nbd2 c5 10.Qe2 Ne4 11.Ne5 f5 12.f3 Nxd2 13.Qxd2 Nxe5 14.dxe5 Bc7 15.Rad1
Qg5 16.cxd5 exd5 17.f4 Qg6 18.Rf3 Qe6 19.Qe2 Rad8 20.Rh3 g6 21.Rd2 Rf7 22.
Rg3 c4 23.Bc2 b5 24.Bd4 Bb6 25.h4 Rg7 26.h5 Rc8 27.Rg5 Bd8 28.Rg3 Bc6 29.
Qd1 Be8 30.bxc4 bxc4 31.Bc3 Bc6 32.Kh2 Bb6 33.Ba4 Bxa4 34.Qxa4 Rd8 35.Ba5 
g5 36.fxg5 Qxe5 37.Kh3 h6 38.Bxb6 axb6 39.Qc6 hxg5 40.h6 Rd6 41.Rxd5 Rxc6 
42.Rxe5 Rxh6# 0-1

[Event "10th EUR-ch (w)"]
[Site "Sankt Petersburg RUS"]
[Date "2009.03.09"]
[Round "2"]
[White "Stepovaya, Tatiana"]
[Black "Dolgova, Olga"]
[Result "1/2-1/2"]
[WhiteElo "2379"]
[BlackElo "2245"]
[EventDate "2009.03.08"]
[PlyCount "141"]

1.e4 c6 2.d4 d5 3.exd5 cxd5 4.Bd3 Nc6 5.c3 g6 6.h3 Bg7 7.Nf3 Nh6 8.O-O O-O
9.Re1 Nf5 10.Bf4 Nd6 11.Nbd2 Bf5 12.Bf1 Na5 13.b4 Nc6 14.Qb3 Ne8 15.b5 Nb8
16.a4 h6 17.Qb4 Be6 18.Bd3 g5 19.Bh2 Nd7 20.a5 Nef6 21.Ne5 Nxe5 22.Bxe5 
Qd7 23.Nf3 Rfe8 24.a6 b6 25.Bh2 Nh7 26.Rxe6 Qxe6 27.Qb1 Nf8 28.Bf5 Qe2 29.
Qb3 e6 30.Ra2 Qc4 31.Qxc4 dxc4 32.Be4 Rad8 33.Bc7 Rd5 34.Bxd5 exd5 35.Ne5 
Bxe5 36.Bxe5 Nd7 37.Bd6 Re6 38.Bb4 Kg7 39.g4 Re1+ 40.Kg2 Kg6 41.Bd6 f5 42.
f4 fxg4 43.hxg4 Re3 44.f5+ Kf6 45.Kf2 Re4 46.Kf3 h5 47.gxh5 Kxf5 48.Rh2 
Nf6 49.Bb8 g4+ 50.Kf2 Re7 51.Be5 Ne4+ 52.Kg2 Nxc3 53.h6 Kg6 54.Kg3 Nxb5 
55.Kxg4 Rh7 56.Bg7 Nc7 57.Kf4 Ne6+ 58.Ke5 Nxg7 59.hxg7 Rxg7 60.Kxd5 Rc7 
61.Kd6 Rc8 62.Kd7 Rf8 63.Kc6 Rf4 64.d5 Kf6 65.d6 c3 66.d7 Rd4 67.Rc2 Ke6 
68.Re2+ Kf6 69.Rc2 Ke6 70.Re2+ Kf6 71.Rc2 1/2-1/2

[Event "10th EUR-ch (w)"]
[Site "Sankt Petersburg RUS"]
[Date "2009.03.09"]
[Round "2"]
[White "Zainullina, Natalia"]
[Black "Molchanova, Tatiana"]
[Result "0-1"]
[WhiteElo "2173"]
[BlackElo "2319"]
[EventDate "2009.03.08"]
[PlyCount "98"]

1.e4 c5 2.Nf3 Nc6 3.d4 cxd4 4.Nxd4 g6 5.c4 Bg7 6.Be3 Nf6 7.Nc3 d6 8.Be2 
O-O 9.O-O a5 10.Rc1 Nd7 11.Qd2 Nc5 12.Rfd1 Bd7 13.f3 Nxd4 14.Bxd4 Bxd4+ 
15.Qxd4 Bc6 16.Kh1 Qb6 17.Rd2 Rad8 18.Rcd1 e5 19.Qe3 Qc7 20.f4 Qe7 21.Bf3 
f6 22.b3 f5 23.exf5 Rxf5 24.Bd5+ Kg7 25.Bxc6 bxc6 26.fxe5 Rdf8 27.h3 Rxe5 
28.Qd4 Rf6 29.Kh2 h5 30.Qh4 Re3 31.Qd4 Kh6 32.Rc1 Qe5+ 33.Qxe5 dxe5 34.Kg1
h4 35.Re2 Rxe2 36.Nxe2 Rd6 37.Rc2 Ne4 38.Nc3 Ng3 39.Kf2 Rd3 40.Ke1 Kg5 41.
c5 e4 42.a3 Rd4 43.Rb2 e3 44.b4 Rf4 45.Kd1 Rf1+ 46.Kc2 axb4 47.axb4 e2 48.
Nxe2 Nxe2 49.Kd3 Nf4+ 0-1

[Event "10th EUR-ch (w)"]
[Site "Sankt Petersburg RUS"]
[Date "2009.03.09"]
[Round "2"]
[White "Tomilova, Elena"]
[Black "Alexeeva, Alena"]
[Result "1-0"]
[WhiteElo "2300"]
[BlackElo "2039"]
[EventDate "2009.03.08"]
[PlyCount "53"]

1.d4 d5 2.c4 dxc4 3.Nf3 Nf6 4.Nc3 e6 5.e4 h6 6.Bxc4 a6 7.a4 Bb4 8.e5 Nd5 
9.Bd2 O-O 10.O-O Be7 11.Qb3 Nxc3 12.Bxc3 b6 13.d5 exd5 14.Bxd5 c6 15.Be4 
Ra7 16.Rad1 Be6 17.Qc2 Qc8 18.Nd4 Bd5 19.Bf5 Qc7 20.e6 Bd6 21.h3 Qe7 22.
Bh7+ Kh8 23.Nf5 Qxe6 24.Nxg7 Qd7 25.Nh5+ f6 26.Nxf6 Qg7 27.Nh5 1-0

[Event "10th EUR-ch (w)"]
[Site "Sankt Petersburg RUS"]
[Date "2009.03.09"]
[Round "2"]
[White "Paikidze, Nazi"]
[Black "Kiseleva, Arina"]
[Result "1-0"]
[WhiteElo "2280"]
[BlackElo "1830"]
[EventDate "2009.03.08"]
[PlyCount "55"]

1.Nf3 Nf6 2.d4 e6 3.Bf4 d5 4.e3 Be7 5.c4 Nbd7 6.Nc3 dxc4 7.Bxc4 a6 8.Rc1 
Nb6 9.Bd3 Nbd5 10.Bg3 O-O 11.O-O b6 12.Nxd5 Qxd5 13.Rxc7 Bd8 14.Rc3 Qxa2 
15.Qc2 Be7 16.Rc7 Re8 17.e4 h6 18.Be5 Qa5 19.Bxf6 Bxf6 20.Qc6 Bb7 21.Qxb7 
Rab8 22.Qxa6 Qxa6 23.Bxa6 Ra8 24.Bb5 Red8 25.e5 Bg5 26.h4 Ra5 27.Be2 Bf4 
28.g3 1-0

[Event "10th EUR-ch (w)"]
[Site "Sankt Petersburg RUS"]
[Date "2009.03.09"]
[Round "2"]
[White "Severiukhina, Zoya"]
[Black "Baciu, Diana"]
[Result "1-0"]
[WhiteElo "2327"]
[BlackElo "2107"]
[EventDate "2009.03.08"]
[PlyCount "69"]

1.e4 c5 2.Nf3 e6 3.c3 Nf6 4.e5 Nd5 5.d4 cxd4 6.cxd4 d6 7.Nc3 Nxc3 8.bxc3 
Qc7 9.Bd2 Nd7 10.exd6 Bxd6 11.Bd3 O-O 12.O-O b6 13.h3 Bb7 14.Re1 Bd5 15.a4
Qb7 16.Ng5 Nf6 17.c4 Bc6 18.Bc3 Bf4 19.Nf3 Ne4 20.d5 exd5 21.cxd5 Bxd5 22.
Bxg7 Nxf2 23.Kxf2 Kxg7 24.Ba6 Qxa6 25.Qd4+ Kg8 26.Qxf4 f6 27.Re7 Rf7 28.
Rxf7 Bxf7 29.Qxf6 Re8 30.Kg1 Qd3 31.Rf1 Re6 32.Qxf7+ Kxf7 33.Ne5+ Ke7 34.
Nxd3 a5 35.Rf4 1-0